| 000 | 00908nam a2200229 i 4500 | ||
|---|---|---|---|
| 001 | 90535 | ||
| 003 | ES-MaACL | ||
| 005 | 20250901062532.0 | ||
| 007 | t| | ||
| 008 | 050121s1963 an ||||1| spa d | ||
| 100 | 1 |
_aLe Guillou, Marie-Joseph, _d1920-1990 _970888 |
|
| 245 | 1 | 3 |
_aEl espíritu de la ortodoxia griega y rusa / _cM. J. Le Guillou ; [versión española de Francisco Martinell]. |
| 260 |
_aAndorra : _bCasal i Vall, _c[1963] |
||
| 300 |
_a145 p. ; _c20 cm. |
||
| 490 | 1 | _aYo sé, yo creo : enciclopedia del católico en el siglo XX | |
| 610 | 2 | 4 |
_aIglesia Ortodoxa- _xRelaciones- _xIglesia Católica. _9160726 |
| 610 | 2 | 4 |
_aIglesia Católica- _xRelaciones- _xIglesia Ortodoxa. _9160725 |
| 700 | 1 |
_aMartinell Gifre, Francisco. _9171824 |
|
| 830 | 0 | 0 |
_aYo sé, yo creo: enciclopedia del católico del siglo XX _9186579 |
| 852 |
_aES-MaACL _jC-23708 _bR.52283 |
||
| 999 |
_c90535 _d90535 |
||